| 000 | 01063cab a2200289 4500 | ||
|---|---|---|---|
| 001 | ABS59727 | ||
| 008 | 090401t1998 xxu||||| |||| 00| 0 eng d | ||
| 035 | _a(Sirsi) u89883 | ||
| 041 | _aeng | ||
| 100 | _aWilliams, P. | ||
| 245 | _aNet gains | ||
| 260 | _c1998 | ||
| 350 | _a0 | ||
| 490 |
_aEstates Gazette _v(9847) 21 November 1998, 132-133(2) |
||
| 520 | _aA consultative document entitled "Land registration for the twenty-first century" issued by the Law Commission and the Land Registry proposes a complete revision of the land registration system. The suggestion for `electronic conveyancing` is considered and an explanation provided of what this might entail in practice. | ||
| 650 | _aADVERSE POSSESSION | ||
| 650 | _aBROWN & ROOT TECHNOLOGY LTD V SUN ALLIANCE & LONDON ASSURANCE CO | ||
| 650 | _aLAND REGISTRATION | ||
| 650 | _aHM LAND REGISTRY | ||
| 650 | _aLEASES | ||
| 650 | _aOVERRIDING INTEREST | ||
| 650 | _aREGISTERED LAND | ||
| 650 | _aTITLE | ||
| 690 | _aPROPERTY LAW AND PRACTICE | ||
| 942 | _n0 | ||
| 948 | _c23/11/1998 | ||
| 999 |
_c56905 _d56905 |
||